| 000 | 01172cam a2200337 i 4500 | ||
|---|---|---|---|
| 001 | 1163826 | ||
| 003 | EG-ScBUE | ||
| 005 | 20260302102609.0 | ||
| 008 | 960819t1996 gw f b 001 0 eng d | ||
| 020 | _a3540614559 (pbk. : acidb-sfree paper) | ||
| 020 | _a9783540614555 | ||
| 040 |
_aDLC _beng _erda _cDLC _dDLC _dEG-ScBUE |
||
| 082 | 0 | 4 |
_a514.74 _bMOO _222 |
| 100 | 1 |
_aMoore, John D. _q(John Douglas), _d1943- _eauthor. |
|
| 245 | 1 | 0 |
_aLectures on Seiberg-Witten invariants / _cJohn D. Moore. |
| 264 | 1 |
_aBerlin ; _aNew York : _bSpringer-Verlag, _c[1996] |
|
| 264 | 4 | _cc1996 | |
| 300 |
_avi, 105 pages ; _c24 cm. |
||
| 336 |
_2rdacontent _atext _btxt |
||
| 337 |
_2rdamedia _aunmediated _bn |
||
| 338 |
_2rdacarrier _avolume _bnc |
||
| 490 | 0 |
_aLecture notes in mathematics, _x0075-8434 ; _v1629 |
|
| 504 | _aIncludes bibliographical references and index. | ||
| 650 | 7 |
_aGlobal analysis (Mathematics) _2BUEsh _912358 |
|
| 650 | 7 |
_aFour-manifolds (Topology) _2BUEsh |
|
| 651 | _2BUEsh | ||
| 653 |
_bENGGEN _cAugust2018 |
||
| 655 | _vReading book | ||
| 856 | 4 | 2 |
_3Publisher description _uhttp://www.loc.gov/catdir/enhancements/fy0817/96036335-d.html |
| 942 |
_2ddc _cBB |
||
| 999 |
_c26830 _d26802 |
||